Le droit de la publicité / (Record no. 64619)

MARC details
000 -LEADER
campo de control de longitud fija 01061cam a2200361Ia 4500
001 - NÚMERO DE CONTROL
campo de control 75123
005 - FECHA Y HORA DE LA ÚLTIMA TRANSACCIÓN
campo de control 20230410123609.0
008 - DATOS DE LONGITUD FIJA--INFORMACIÓN GENERAL
campo de control de longitud fija 090924s2009 be b 000 0 fre d
035 ## - NÚMERO DE CONTROL DEL SISTEMA
Número de control de sistema (OCoLC)ocn441152245
040 ## - FUENTE DE CATALOGACIÓN
Centro catalogador/agencia de origen CDX
Centro/agencia transcriptor CDX
Centro/agencia modificador OCLCQ
-- LGG
020 ## - NÚMERO INTERNACIONAL ESTÁNDAR DEL LIBRO
Número Internacional Estándar del Libro 9782802727392 (Paper)
020 ## - NÚMERO INTERNACIONAL ESTÁNDAR DEL LIBRO
Número Internacional Estándar del Libro 2802727397 (Paper)
029 0# - OTRO NÚMERO DE CONTROL DE SISTEMA (OCLC)
Identificador de la biblioteca OCLC CDX
Número de control de sistema 10882896
035 ## - NÚMERO DE CONTROL DEL SISTEMA
Número de control de sistema (OCoLC)441152245
037 ## - FUENTE DE ADQUISICIÓN
Fuente del número de adquisición Electre
043 ## - CÓDIGO DE ÁREA GEOGRÁFICA
Código de área geográfica e-be---
-- e-fr---
050 14 - SIGNATURA TOPOGRÁFICA DE LA BIBLIOTECA DEL CONGRESO
Número de clasificación KJV 5624
Número de ítem M925d 2009
100 1# - ENTRADA PRINCIPAL--NOMBRE DE PERSONA
Nombre de persona Mouffe, Bernard.
245 13 - MENCIÓN DEL TÍTULO
Título Le droit de la publicité /
Mención de responsabilidad, etc. par Bernard Mouffe.
250 ## - MENCION DE EDICION
Mención de edición 3a éd.
260 ## - PUBLICACIÓN, DISTRIBUCIÓN, ETC.
Lugar de publicación, distribución, etc. Bruxelles :
Nombre del editor, distribuidor, etc. Bruylant,
Fecha de publicación, distribución, etc. 2009.
300 ## - DESCRIPCIÓN FÍSICA
Extensión 568 p. ;
Dimensiones 24 cm.
504 ## - NOTA DE BIBLIOGRAFÍA, ETC.
Nota de bibliografía, etc. Includes bibliographical references.
650 #0 - PUNTO DE ACCESO ADICIONAL DE MATERIA--TÉRMINO DE MATERIA
Término de materia o nombre geográfico como elemento de entrada Advertising laws
650 #0 - PUNTO DE ACCESO ADICIONAL DE MATERIA--TÉRMINO DE MATERIA
Término de materia o nombre geográfico como elemento de entrada Advertising laws
Subdivisión geográfica France.
650 #0 - PUNTO DE ACCESO ADICIONAL DE MATERIA--TÉRMINO DE MATERIA
Término de materia o nombre geográfico como elemento de entrada Advertising laws
Subdivisión geográfica Belgium
650 #7 - PUNTO DE ACCESO ADICIONAL DE MATERIA--TÉRMINO DE MATERIA
Término de materia o nombre geográfico como elemento de entrada Le droit de la publicite.
650 #4 - PUNTO DE ACCESO ADICIONAL DE MATERIA--TÉRMINO DE MATERIA
Término de materia o nombre geográfico como elemento de entrada El derecho de la publicidad.
938 ## -
-- Coutts Information Services
-- COUT
-- 10882896
-- 110.00 EUR
942 ## - ELEMENTOS DE ENTRADA SECUNDARIOS (KOHA)
Fuente del sistema de clasificación o colocación Clasificación de Library of Congress
Tipo de ítem Koha
946 ## - PROCESAMIENTO DE INFORMACIÓN LOCAL (OCLC)
a mfcruz
994 ## -
-- C0
-- DRFGD
Holdings
Estatus retirado Estado de pérdida Fuente del sistema de clasificación o colocación Estado de daño No para préstamo Colección Biblioteca de origen Biblioteca actual Ubicación en estantería Fecha de adquisición Serial enumeration / chronology Signatura topográfica completa Código de barras Visto por última vez Copia número Tipo de ítem Koha
    Clasificación de Library of Congress     Ciencias Sociales Biblioteca Juan Bosch Biblioteca Juan Bosch Ciencias Sociales (3er. Piso) 10/04/2023 1 KJV 5624 M925d 2009 00000067406 24/10/2018 1